00924cam a22002651 45000010008000000030004000080050017000120080041000290100017000700400018000870430021001050500014001260510068001400820010002081000042002182450085002602600028003453000063003734900057004365040026004936500026005196510026005457100021005717100066005921699249OSt20140115094721.0790405s1967 nyuabc b 000 0 eng  a 67015619  aDLCcDLCdDLC an------as------00aE61b.L62 aE61b.L62 Copy 3cProvenance: Gift of Jay I. Kislak Foundation.00a970.11 aLeonard, Jonathan Norton,d1903-1975.10aAncient America,cby Jonathan Norton Leonard and the editors of Time-Life Books. aNew York,bTimec[1967] a192 p.billus. (part col.) maps (part col.) ports.c28 cm.0 aGreat ages of man; a history of the world's cultures aBibliography: p. 186. 0aIndiansxAntiquities. 0aAmericaxAntiquities.2 aTime-Life Books.2 aJay I. Kislak Reference Collection (Library of Congress)5DLC